Elecciones, alternancia y democracia, España-México, una reflexión comparativa / (Record no. 18029)

MARC details
000 -LEADER
campo de control de longitud fija 00943nam a2200277 4500
001 - NÚMERO DE CONTROL
campo de control 18029
003 - IDENTIFICADOR DE NÚMERO DE CONTROL
campo de control ES-MaACL
005 - FECHA Y HORA DE LA ÚLTIMA TRANSACCIÓN
campo de control 20230906151737.0
007 - CAMPO FIJO DE DESCRIPCIÓN FÍSICA--INFORMACIÓN GENERAL
campo de control de longitud fija t|
008 - DATOS DE LONGITUD FIJA--INFORMACIÓN GENERAL
campo de control de longitud fija 010730s2000 sp ||||1| spa d
020 ## - NÚMERO INTERNACIONAL ESTÁNDAR DEL LIBRO
Número Internacional Estándar del Libro 84-7030-798-3
080 ## - NÚMERO DE LA CLASIFICACIÓN DECIMAL UNIVERSAL
Número de la Clasificación Decimal Universal 321.7(460)(091)
080 ## - NÚMERO DE LA CLASIFICACIÓN DECIMAL UNIVERSAL
Número de la Clasificación Decimal Universal 321.7(72)(091)
100 1# - ENTRADA PRINCIPAL--NOMBRE DE PERSONA
Nombre de persona Varela Ortega, José.
9 (RLIN) 113170
245 10 - MENCIÓN DEL TÍTULO
Título Elecciones, alternancia y democracia, España-México, una reflexión comparativa /
Mención de responsabilidad, etc. José Varela Ortega, Luis Medina Peña ; prólogo, Mercedes Cabrera Calvo-Sotelo.
260 ## - PUBLICACIÓN, DISTRIBUCIÓN, ETC.
Lugar de publicación, distribución, etc. Madrid :
Nombre del editor, distribuidor, etc. Biblioteca Nueva,
Fecha de publicación, distribución, etc. [2000]
300 ## - DESCRIPCIÓN FÍSICA
Extensión 303 p. ;
Dimensiones 21 cm.
490 1# - MENCIÓN DE SERIE
Mención de serie Historia Biblioteca Nueva
650 14 - PUNTO DE ACCESO ADICIONAL DE MATERIA--TÉRMINO DE MATERIA
Término de materia o nombre geográfico como elemento de entrada Democracia-
Subdivisión geográfica España.
9 (RLIN) 145899
650 #4 - PUNTO DE ACCESO ADICIONAL DE MATERIA--TÉRMINO DE MATERIA
Término de materia o nombre geográfico como elemento de entrada Democracia-
Subdivisión geográfica México.
9 (RLIN) 11571
700 1# - ENTRADA AGREGADA--NOMBRE PERSONAL
Nombre de persona Medina Peña, Luis.
9 (RLIN) 79750
700 1# - ENTRADA AGREGADA--NOMBRE PERSONAL
Nombre de persona Cabrera Calvo-Sotelo, Mercedes.
9 (RLIN) 33306
830 0# - PUNTO DE ACCESO ADICIONAL DE SERIE-TÍTULO UNIFORME
Título uniforme Historia Biblioteca Nueva
9 (RLIN) 180322
852 ## - LOCALIZACIÓN
Ubicación ES-MaACL
Número de control de estantería L-24782
Holdings
Estatus retirado Estado de pérdida Estado de daño No para préstamo Biblioteca de origen Biblioteca actual Ubicación en estantería Fecha de adquisición Fuente de adquisición Total de préstamos Signatura topográfica completa Código de barras Visto por última vez Precio de reemplazo Tipo de ítem Koha
        Biblioteca del Ateneo de Madrid Biblioteca del Ateneo de Madrid Depósito 2 17/01/2008     L-24782 1018421 23/02/2023 23/02/2023 Libro impreso